Technical drawing with engineering graphics / (Record no. 587602)

000 -LEADER
fixed length control field 01040cam a22003255i 4500
001 - CONTROL NUMBER
control field 19092011
003 - CONTROL NUMBER IDENTIFIER
control field NUST
005 - DATE AND TIME OF LATEST TRANSACTION
control field 20220113174341.0
008 - FIXED-LENGTH DATA ELEMENTS--GENERAL INFORMATION
fixed length control field 160512s2016 cau 000 0 eng
010 ## - LIBRARY OF CONGRESS CONTROL NUMBER
LC control number 2016941562
020 ## - INTERNATIONAL STANDARD BOOK NUMBER
International Standard Book Number 9780134306414 (alk. paper)
020 ## - INTERNATIONAL STANDARD BOOK NUMBER
International Standard Book Number 9780134580852
038 ## - RECORD CONTENT LICENSOR
Staff Name Muzammil
040 ## - CATALOGING SOURCE
Original cataloging agency DLC
Language of cataloging eng
Description conventions rda
Transcribing agency DLC
042 ## - AUTHENTICATION CODE
Authentication code pcc
082 ## - DEWEY DECIMAL CLASSIFICATION NUMBER
Classification number 604.2
Author Mark TEC
100 1# - MAIN ENTRY--PERSONAL NAME
Personal name Giesecke, Frederick E.
9 (RLIN) 88368
245 10 - TITLE STATEMENT
Title Technical drawing with engineering graphics /
Statement of responsibility, etc. Frederick E. Giesecke, Alva Mitchell, Henry Cecil Spencer ; [edited by] Greg Weigand, Laura Lewin, Lisa McClain.
250 ## - EDITION STATEMENT
Edition statement 15th edition.
263 ## - PROJECTED PUBLICATION DATE
Projected publication date 1606
264 #1 - PRODUCTION, PUBLICATION, DISTRIBUTION, MANUFACTURE, AND COPYRIGHT NOTICE
Place of production, publication, distribution, manufacture San Francisco, CA :
Name of producer, publisher, distributor, manufacturer Prentice Hall,
Date of production, publication, distribution, manufacture, or copyright notice 2016.
300 ## - PHYSICAL DESCRIPTION
Extent pages cm
336 ## - CONTENT TYPE
Content type term text
Content type code txt
Source rdacontent
337 ## - MEDIA TYPE
Media type term unmediated
Media type code n
Source rdamedia
338 ## - CARRIER TYPE
Carrier type term volume
Carrier type code nc
Source rdacarrier
563 ## - BINDING INFORMATION
Binding note hardcover
906 ## - LOCAL DATA ELEMENT F, LDF (RLIN)
a 0
b ibc
c orignew
d 2
e epcn
f 20
g y-gencatlg
942 ## - ADDED ENTRY ELEMENTS (KOHA)
Source of classification or shelving scheme
Koha item type Book
Holdings
Withdrawn status Lost status Source of classification or shelving scheme Damaged status Not for loan Permanent Location Current Location Shelving location Date acquired Total Checkouts Full call number Barcode Date last seen Price effective from Koha item type
          School of Mechanical & Manufacturing Engineering (SMME) School of Mechanical & Manufacturing Engineering (SMME) General Stacks 01/13/2022   604.2 TEC SMME-3680 01/13/2022 01/13/2022 Book
© 2023 Central Library, National University of Sciences and Technology. All Rights Reserved.